Una afirmación del amor : trilogía de textos dramáticos /
Gorde:
| Egile nagusia: | |
|---|---|
| Formatua: | Baliabide elektronikoa eBook |
| Hizkuntza: | gaztelania |
| Argitaratua: |
Ciudad de Buenos Aires :
Eudeba,
[2020]
|
| Edizioa: | 1o edición. |
| Saila: | Colección Biblioteca proteatro.
|
| Gaiak: | |
| Sarrera elektronikoa: | Digitalia Hispánica |
| Etiketak: |
Etiketa erantsi
Etiketarik gabe, Izan zaitez lehena erregistro honi etiketa jartzen!
|
MARC
| LEADER | 00000nam a2200000Ii 4500 | ||
|---|---|---|---|
| 001 | DIGEUDE226 | ||
| 003 | NyNyDIG | ||
| 006 | m o d | ||
| 007 | cr ||||||||||| | ||
| 008 | 230708s2020 ag o 000 d spa d | ||
| 035 | |a (OCoLC)1390760723 | ||
| 040 | |a DGITA |b eng |e rda |e pn |c DGITA | ||
| 020 | |a 9789502330341 |q eBook | ||
| 020 | |z 9789502330112 | ||
| 050 | 1 | 4 | |a PQ7798.13.A442 ebook |
| 100 | 1 | |a Cano, Luis, |e author. | |
| 245 | 1 | 4 | |a Una afirmación del amor : |b trilogía de textos dramáticos / |c Luis Loyola Cano. |
| 250 | |a 1o edición. | ||
| 264 | 1 | |a Ciudad de Buenos Aires : |b Eudeba, |c [2020] | |
| 300 | |a 1 online resource. | ||
| 336 | |a text |b txt |2 rdacontent | ||
| 337 | |a computer |b c |2 rdamedia | ||
| 338 | |a online resource |b cr |2 rdacarrier | ||
| 347 | |a text file |2 rdaft | ||
| 347 | |b EPUB | ||
| 490 | 1 | |a Colección Biblioteca proteatro | |
| 588 | 0 | |a Online resource; title from ePub title page (Digitalia, viewed July 8, 2023) | |
| 655 | 7 | |a Drama. |2 lcgft | |
| 791 | 2 | |a Digitalia (Firm), |e distributor. | |
| 793 | 0 | |g Digitalia eBook Collection: |a Eudeba | |
| 776 | 0 | 8 | |i Print version: |a Cano, Luis. |t Afirmación del amor. |d Ciudad de Buenos Aires : Eudeba, [2022] |z 9789502330112 |
| 830 | 0 | |a Colección Biblioteca proteatro. | |
| 856 | 4 | 0 | |3 Digitalia Hispánica |u https://digitalia.unach.elogim.com/a/128407/ |
| 910 | |a Premium collection: 2023 | ||